00487nam a2200097Ia 4500008004100000100008100041245017700122260002700299650002000326856004300346171212s9999 xx 000 0 und d aHarris, Katherine M.;Uscher-Pines, Lori;Mattke, Soeren;Kellermann, Arthur L. cHarris, Katherine M.;Uscher-Pines, Lori;Mattke, Soeren;Kellermann, Arthur L.aA Blueprint for Improving the Promotion and Delivery of Adult Vaccination in the United States bRAND Corporationc2012 aHealth Sciences uwww.jstor.org/stable/10.7249/tr1169gsk